<?xml version="1.0" encoding="UTF-8"?>
<record
    xmlns:xsi="http://www.w3.org/2001/XMLSchema-instance"
    xsi:schemaLocation="http://www.loc.gov/MARC21/slim http://www.loc.gov/standards/marcxml/schema/MARC21slim.xsd"
    xmlns="http://www.loc.gov/MARC21/slim">

  <leader>02677agaaa2200313   4500</leader>
  <controlfield tag="001">8018</controlfield>
  <controlfield tag="003">IT-RoPAU</controlfield>
  <controlfield tag="005">20220918181232.0</controlfield>
  <controlfield tag="007">d cvaizq</controlfield>
  <controlfield tag="008">50131s9999||||xx ||| |     ||   ||und||</controlfield>
  <datafield tag="040" ind1=" " ind2=" ">
    <subfield code="a">IT-RoPAU</subfield>
    <subfield code="c">IT-RoPAU</subfield>
  </datafield>
  <datafield tag="041" ind1=" " ind2=" ">
    <subfield code="a">ITALIANO</subfield>
  </datafield>
  <datafield tag="100" ind1=" " ind2=" ">
    <subfield code="a">Costa Fabrizio</subfield>
    <subfield code="g">Codice regista SPICS: 50379</subfield>
    <subfield code="9">40980</subfield>
  </datafield>
  <datafield tag="130" ind1=" " ind2=" ">
    <subfield code="a">CHIARA E FRANCESCO</subfield>
    <subfield code="9">40981</subfield>
  </datafield>
  <datafield tag="245" ind1=" " ind2=" ">
    <subfield code="a">CHIARA E FRANCESCO</subfield>
    <subfield code="c">Prodotto da: Bernabei Luca -- Sceneggiatura: Arlanch Francesco -- Diretto da: Costa Fabrizio</subfield>
    <subfield code="p">CHIARA E FRANCESCO (Rif. Codice opera principale : H8018)</subfield>
  </datafield>
  <datafield tag="250" ind1=" " ind2=" ">
    <subfield code="a">Edizione Standard</subfield>
  </datafield>
  <datafield tag="260" ind1=" " ind2=" ">
    <subfield code="a">(ITALIA)</subfield>
    <subfield code="b">LUX VIDE - RAI FICTION / Distribuzione: MULTIMEDIA SAN PAOLO</subfield>
    <subfield code="g">"2007 (1&#xB0; ed.: 2007 ; Ed. Lingua Orig.: 2007)"</subfield>
  </datafield>
  <datafield tag="300" ind1=" " ind2=" ">
    <subfield code="a">DVD</subfield>
    <subfield code="b">sonoro, col.</subfield>
    <subfield code="c">200 minuti</subfield>
  </datafield>
  <datafield tag="508" ind1=" " ind2=" ">
    <subfield code="a">"Fotografia: Galasso Giovanni; Montaggio: Corradi Alessandro; Musica: Frisina Marco; Sceneggiatura: Arlanch Francesco; Scenografia: Formica Nino; "</subfield>
  </datafield>
  <datafield tag="511" ind1=" " ind2=" ">
    <subfield code="a">"Bassi Ettore; Petruolo Mary; Cirilli Gabriele; Marescotti Ivano; Diberti Luigi"</subfield>
  </datafield>
  <datafield tag="520" ind1=" " ind2=" ">
    <subfield code="a">FILM TV TRASMESSO DALLA RAI IL 7 OTTOBRE 2007. ASSISI 1198. I BORGHESI - MOLTO RICCHI, POCO ARISTOCRATICI - ASSALTANO I PALAZZI DEI NOBILI - MOLTO ARISTOCRATICI, POCO RICCHI. DA UNA PARTE, ALLEGRO E SCATENATO A SCAGLIARE SASSI E MELAR LE MANI, FRANCESCO, FIGLIO DI BERNARDONE, MERCANTE DI TESSUTI. DALL'ALTRA, SCONCERTATA E SPAVENTATA, CHIARA, FIGLIA DI FAVARONE, D'ANTICO LIGNAGGIO. E' LA PRIMA VOLTA CHE GLI SGUARDI DI CHIARA E FRANCESCO SI INCONTRANO. LA SECONDA VOLTA, DUE ANNI DOPO, NON E' MENO MEMORABILE. COME TUTTI INOBILI DI ASSISI LA FAMIGLIA DI CHIARA E' FUGGITA A PERUGIA. NEL FRATTEMPOL'INSURREZIONE DEI BORGHESI FINISCE MALE. SULLE RIVE DEL TEVERE LE TRUPPE DEI BORGHESI SONO SCONFITTE DA QUELLE DEI NOBILI. E' UNA CARNEFICINA. FRANCESCO SCAMPA LA MORTE PER UN SOFFIO. E' FATTO PRIGIONIERO. CINQUE ANNI DOPO CHIARA E FRANCESCO SI RITROVANO AI DUE LATI DI UN TAVOLO, SI DISCUTE DEL FUTURO DEI DUE RAGAZZI. NELLA NOTTE DELLA DOMENICA DELLE PALME CHIARA FUGGE DI CASA. ALLA LUCE DELLE TORCE, IN UNA PICCOLA CHIESA CHE FRANCESCO HA RESTAURATO CON LE SUE MANI SI CELEBRA UN RITO: CHIARA SI PRIVA DEI SUOI CALZARI E INDOSSA UNA SEMPLICE TUNICA PREPARATA DAI FRATI E SI FA SUORA... ALTRA VERSIONE DELLE VITE DEI DUE SANTI.</subfield>
  </datafield>
  <datafield tag="538" ind1=" " ind2=" ">
    <subfield code="a">PAL, STEREO</subfield>
  </datafield>
  <datafield tag="546" ind1=" " ind2=" ">
    <subfield code="a">ITALIANO</subfield>
  </datafield>
  <datafield tag="650" ind1=" " ind2=" ">
    <subfield code="a">RELIGIOSO - BIOGR</subfield>
    <subfield code="e">DVD-FILM [DVD]</subfield>
    <subfield code="x">Codice MATERIA SPICS: 9947</subfield>
    <subfield code="9">40982</subfield>
  </datafield>
  <datafield tag="700" ind1=" " ind2=" ">
    <subfield code="a">Arlanch Francesco </subfield>
    <subfield code="e">(soggetto)</subfield>
    <subfield code="g">Codice Soggetto SPICS: 58279</subfield>
    <subfield code="9">40983</subfield>
  </datafield>
  <datafield tag="700" ind1=" " ind2=" ">
    <subfield code="a">Costa Fabrizio </subfield>
    <subfield code="e">(regista)</subfield>
    <subfield code="g">Codice regista SPICS: 50379</subfield>
    <subfield code="9">40984</subfield>
  </datafield>
  <datafield tag="700" ind1=" " ind2=" ">
    <subfield code="a">Frisina Marco</subfield>
    <subfield code="e">(musica)</subfield>
    <subfield code="g">Codice Musica SPICS: 38406</subfield>
    <subfield code="9">40985</subfield>
  </datafield>
  <datafield tag="942" ind1=" " ind2=" ">
    <subfield code="c">DV</subfield>
    <subfield code="2">ddc</subfield>
  </datafield>
  <datafield tag="999" ind1=" " ind2=" ">
    <subfield code="c">105362</subfield>
    <subfield code="d">105362</subfield>
  </datafield>
  <datafield tag="952" ind1=" " ind2=" ">
    <subfield code="0">0</subfield>
    <subfield code="1">0</subfield>
    <subfield code="4">0</subfield>
    <subfield code="6">H_8018_000000000000000</subfield>
    <subfield code="7">1</subfield>
    <subfield code="a">SPICS</subfield>
    <subfield code="b">SPICS</subfield>
    <subfield code="d">2015-01-31</subfield>
    <subfield code="l">0</subfield>
    <subfield code="o">H8018</subfield>
    <subfield code="r">2015-01-31 00:00:00</subfield>
    <subfield code="w">2015-01-31</subfield>
    <subfield code="y">DV</subfield>
    <subfield code="z">Progr. Ins.: 3668 / N.Vol.:1 / Copie: 1 / Pag.:0 / Copia rara: n.d. / date import: 1.2.2015 / By Epidotti, Trombetti, Vaglietti</subfield>
  </datafield>
</record>
